Southville International School and Colleges
Your cart is empty.
  • Cart
  • Lists
    Public lists Eva Luna New books Lux_list list_1
    Your lists Log in to create your own lists
  • Log in to your account
  • Your cookies
  • Search history
Southville International School and Colleges
  • Advanced search
  • Recent comments
  • Most popular
  • Libraries

Log in to your account

Log in with GOOGLE


If you do not have an external account, but do have a local account, you can still log in:

  1. Home
  2. MARC view: Meditation :
Normal view MARC view ISBD view

Meditation : (Record no. 356521)

[ view plain ]
MARC details
000 -LEADER
fixed length control field 00519nam a2200205Ia 4500
008 - FIXED-LENGTH DATA ELEMENTS--GENERAL INFORMATION
fixed length control field 180523s9999 xx 000 0 und d
020 ## - INTERNATIONAL STANDARD BOOK NUMBER
International Standard Book Number 978-1-84476-440-2
050 ## - LIBRARY OF CONGRESS CALL NUMBER
Classification number MAIN BF 637.M4
050 ## - LIBRARY OF CONGRESS CALL NUMBER
Item number .H83 2007
100 ## - MAIN ENTRY--PERSONAL NAME
Personal name Hudson, John.
245 #0 - TITLE STATEMENT
Title Meditation :
245 #0 - TITLE STATEMENT
Remainder of title simple steps to peace, well-being and contentment /
245 #0 - TITLE STATEMENT
Statement of responsibility, etc John Hudson.
260 ## - PUBLICATION, DISTRIBUTION, ETC. (IMPRINT)
Place of publication, distribution, etc London :
260 ## - PUBLICATION, DISTRIBUTION, ETC. (IMPRINT)
Name of publisher, distributor, etc Southwater.
260 ## - PUBLICATION, DISTRIBUTION, ETC. (IMPRINT)
Date of publication, distribution, etc 2007
300 ## - PHYSICAL DESCRIPTION
Extent 64 pages :
300 ## - PHYSICAL DESCRIPTION
Other physical details color illustrations ;
300 ## - PHYSICAL DESCRIPTION
Dimensions 20 cm.
Holdings
Withdrawn status Lost status Damaged status Home library Current library Shelving location Date acquired Cost, normal purchase price Total Checkouts Full call number Barcode Date last seen Price effective from Koha item type
      South Mansfield College South Mansfield College   05/23/2018 563.00   MAIN BF 637.M4 .H83 2007 SMC03871 05/23/2018 05/23/2018  

Meditation :

APA

Hudson J., .Meditation. London: .

Chicago

Hudson John, .Meditation. London: .

Harvard

Hudson J., .Meditation. London: .

MLA

Hudson John, .London: . .

  • Place hold
  • Print
  • Cite
  • Add to your cart (remove)
  • Save record
    BIBTEX Dublin Core MARCXML MARC (non-Unicode/MARC-8) MARC (Unicode/UTF-8) MARC (Unicode/UTF-8, Standard) MODS (XML) RIS
  • More searches
    Search for this title in:
    Other Libraries (WorldCat) Other Databases (Google Scholar) Online Stores (Bookfinder.com) Open Library (openlibrary.org)

Exporting to Dublin Core...

SOUTHVILLE LIBRARY

Southville International School and Colleges Library

1281 Tropical Ave. Cor. Luxembourg St., BF Homes International, Las Pinas City

Tel. No. 8256374 / 252358 Loc. 117/146

Powered by Koha